| 000 | 01267cam a22003011i 4500 | ||
|---|---|---|---|
| 003 | SA-RiAUC | ||
| 005 | 20241130090438.0 | ||
| 008 | 241130s1990 su g 000r0 ara c | ||
| 040 |
_aSA-RiAUC _bara _cSA-RiAUC _erda |
||
| 082 | 0 | 4 |
_a251 _qSA-RiAUC |
| 090 |
_a251 _bب ص ر |
||
| 100 | 1 |
_aالبصري، محمد بن علي الطيب، _dتوفي 436 هجري _eمؤلف. |
|
| 245 | 1 | 0 |
_aشرح العمد / _cلأبو الحسين البصري محمد بن علي بن الطيب ؛ تحقيق ودراسة عبد الحميد بن علي أبو زنيد. |
| 250 | _aالطبعة الأولى. | ||
| 264 | 1 |
_aالمدينة المنورة : _bمكتبة العلوم والحكم، _c1990 |
|
| 264 | 3 |
_aالقاهرة : _bدار المطبعة السلفية |
|
| 300 |
_a2 مجلد ؛ _c24 سم |
||
| 336 |
_aنص _btxt _2rdacontent _3كتاب |
||
| 337 |
_aبدون وسيط _bn _2rdamedia |
||
| 338 |
_aمجلد _bnc _2rdacarrier |
||
| 650 | 7 |
_aأصول الفقه الإسلامي _2aucsh |
|
| 650 | 7 |
_aالمعتزلة (فرقة إسلامية) _2aucsh |
|
| 700 | 1 |
_aأبو زنيد، عبد الحميد علي، _d1941- _eمحقق. |
|
| 740 | 2 | _aالعمد. | |
| 942 |
_2ddc _cBOOK |
||
| 949 |
_aSA-JeALM _d241130 _ukhaled123 _n1 |
||
| 999 |
_c2865 _d2865 |
||